LEADER 01327cam a22003134a 4500 001 000000118423 003 CaOOAMICUS 005 20091127133055.0 008 091127t2005 it a b 000 0 ita r 020 $a88-420-7829-8 040 $aPUL$bita$dReb 041 1 $aita$hfre 100 1 $aTrevor-Roper, Hugh Redwald,$d1914-2003.$0(OLS)http://pul/name/36814 240 10$aRenaissance essays$lItaliano.$0(OLS)http://pul/title/149031 245 13$aIl Rinascimento /$cHugh Trevor-Roper ; traduzione di Maria Luisa Bassi. 260 $aRoma :$bLaterza,$c©2005. 300 $avii, 311 p. ;$c21 cm. 490 1 $aEconomica Laterza ;$v378 504 $aBibliografia diffusa. 650 4$aStoria culturale$yRinascimento.$0(OLS)http://pul/subject/23150 650 4$aRinascimento.$0(OLS)http://pul/subject/5300 700 1 $aBassi, Maria Luisa.$0(OLS)http://pul/name/73961 830 0$aEconomica Laterza ;$v378.$0(OLS)http://pul/title/39309 850 $aPUL 852 $aPUL$W1$xSL Cons. Gen., Altre Classi 3$y75$m940. 21 TREHU 1$j135859$qDDC 21$q $B134851$CPULBib$Z2$F134851 $H111783 $81 941 1 $a9 996 $6020$a88-420-7829-8$9(OLS)http://pul/number/142574 996 $6245$aIl Rinascimento$9(OLS)http://pul/title/149030 996 $6260$aRoma :$bLaterza$9(OLS)http://pul/publisher/47864 LEADER 01622nam a2200349 a 4500 001 000000170313 003 CaOOAMICUS 005 20230623173002.0 008 181106s2018 vc u000 u ita r 020 $a978-88-401-6098-6* 032 $aLibriCat 040 $aPUL$bita 082 04$a262.94 245 03$aLa procedura nei delitti riservati alla Congregazione per la Dottrina della Fede /$ca cura di Claudio Papale. 260 $aCittą del Vaticano :$bUrbaniana University Press,$c©2018. 300 $a129 p. ;$c24 cm. 490 1 $aQuaderni di Ius Missionale ;$v12 504 $aBibliografia in nota. 610 24$aCongregazione per la dottrina della fede.$0(OLS)http://pul/subject/965 650 4$aDelitti$xDiritto canonico.$0(OLS)http://pul/subject/45714 650 4$aDiritto processuale canonico.$0(OLS)http://pul/subject/29586 700 1 $aPapale, Claudio.$0(OLS)http://pul/name/66456 830 0$aQuaderni di Ius Missionale ;$v12.$0(OLS)http://pul/title/176547 850 $aPUL 852 $aPUL$W1$xSL Diritto Canonico 3$y77$m262. 94 PAPCL 4$j193220$qDDC 21$B198583$CPULBib$Z2$F198583 $H131542 $81 941 1 $a9 960 $aDiritto canonico processuale$929586 996 $6020$a978-88-401-6098-6*$9(OLS)http://pul/number/165184 996 $6082$a262.94$9(OLS)http://pul/classification/422 996 $6245$aLa procedura nei delitti riservati alla Congregazione per la Dottrina della Fede$9(OLS)http://pul/title/211049 996 $6260$aCittą del Vaticano :$bUrbaniana University Press$9(OLS)http://pul/publisher/66922